| 000 | 01036nam a22002057a 4500 | ||
|---|---|---|---|
| 008 | 130213t xxu||||| |||| 00| 0 eng d | ||
| 020 | _a9-7804-1404-7884 | ||
| 082 |
_222 ed. _a346.0682 _bBAN |
||
| 100 |
_aBanks, Roderick I'Anson _96893 |
||
| 245 |
_aLindley & Banks on Partnership : _bfirst supplement to 19 ed. _c Roderick I'Anson Banks |
||
| 260 |
_aLondon : _bThomson Reuters(Legal) Ltd. _c2011 |
||
| 300 |
_axxii, 126 P. ; _c24 cm. |
||
| 500 | _aIncludes Index | ||
| 650 |
_aPartnership _96894 |
||
| 650 |
_aLindley & Banks on Partnership _96895 |
||
| 942 |
_2ddc _cBK |
||
| 999 |
_c5252 _d5252 |
||